The monkey prince

Bibliographic Details
Main Author: Normah Othman
Corporate Author: Title
Format: Book
Published: Kuala Lumpur : Penerbitan Fargoes , 2004
Series:Moral English stories
Subjects:

MARC

LEADER 00000cam a2200000 7i4500
001 0000005358
005 20151222.0
008 070803
020 |a 9831281497 
090 0 0 |a JP   |b MOR ENG (5724) 
100 0 |a Normah Othman 
245 1 4 |a The monkey prince   |c Normah Othman 
260 |a Kuala Lumpur :   |b Penerbitan Fargoes ,   |c 2004 
440 0 |a Moral English stories 
500 |a Children ages 7-9 years old (orange) 
650 0 |a Junior preschool   |x English   |x Languages 
650 0 |a Moral 
710 0 |a Title 
999 |a 0000877853   |b Book   |c Children Collection   |e Cawangan Tmn. Ungku Tun Aminah 
999 |a 0000977658   |b Book   |c Children Collection   |e Cawangan Taman Universiti 
999 |a 0000985416   |b Book   |c Children Collection   |e Perbadanan Perpustakaan Awam Johor 
999 |a 0000985418   |b Book   |c Children Collection   |e Cawangan Tmn. Ungku Tun Aminah 
999 |a 0000985419   |b Book   |c Children Collection   |e Perbadanan Perpustakaan Awam Johor 
999 |a 0000985420   |b Book   |c Children Collection   |e Cawangan Tmn. Ungku Tun Aminah 
999 |a 0001074916   |b Book   |c Children Collection   |e Cawangan Pontian 
999 |a 0001074917   |b Book   |c Children Collection   |e Cawangan Pontian 
999 |a 0001074918   |b Book   |c Children Collection   |e Cawangan Pontian 
999 |a 000977657   |b Book   |c Chinese Collection   |e Cawangan Taman Universiti 
999 |a 000977659   |b Book   |c Children Collection   |e Cawangan Taman Universiti